Medicina interna (Registro nro. 21644)

Detalles MARC
000 -Cabecera
Campo de control interno 00833nam a2200265Ia 4500
005 - Fecha y hora del registro
control field 20260320113301.0
008 - Elementos de Longitud Fija
fixed length control field 260320s9999||||xx |||||||||||||| ||und||
020 ## - ISBN
ISBN 9788413824857
041 ## - Idioma
Codigo Idioma ESP
082 ## - DEWEY y NOTACIÓN INTERNA
Dewey 616
Notación Interna F317 V. 2
100 ## - AUTOR
Autor denominación Farreras, P.,
Término de relación autor
245 #0 - TÍTULO DE MATERIAL BIBLIOGRÁFICO
Título Medicina interna
Título paralelo
246 ## - TÍTULO TRADUCIDO
Título
Título paralelo
Autor
250 ## - EDICIÓN
Edición Vigésima edición
260 ## - CIUDAD, EDITORIAL, AÑO
Ciudad Barcelona :
Nombre de la Editorial Elsevier,
Año 2024
300 ## - DESCRIPCIÓN
N° Páginas xlii, páginas 1377-2844 :
Otros detalles figuras, graficos, tablas ;
Dimensiones 28 cm.
Material Adicional
440 ## - MENCIÓN DE SERIE
Título de la Serie
Número de Serie
Volumen de Serie
650 ## - TEMAS
Temas Tecnología (Ciencias Aplicadas)
653 ## - DESCRIPTORES
Lenguajes no controlado Medicina; Medicina interna
654 ## - PROGRAMAS
Programa Dpto. de Ciencias de la Salud
700 ## - OTROS AUTORES
Otros autores Rozman, C.,
Títulos y otras palabras asociadas con el nombre autor
856 ## - URL - UBICACIÓN
URI/URL: Enlace exacto del recurso <a href="https://accessmedicina-mhmedical-com.ucsp.lookproxy.com/Book.aspx?bookid=3553">https://accessmedicina-mhmedical-com.ucsp.lookproxy.com/Book.aspx?bookid=3553</a>
Nota pública: Versión digital <a href="Véase además: Harrison. Principios de medicina interna. Versión digital">Véase además: Harrison. Principios de medicina interna. Versión digital</a>
942 ## - ELEMENTOS DE KOHA
Tipo de documento Libro
Nombre del creador Justo Noguera
Código de catalogador Tania Ramirez
Esquema de clasificación Dewey Decimal Classification
Suppress in OPAC
Existencias
Codigo completo Registro Colección Copia número Disponibilidad Tipo de préstamo Biblioteca Actual Procedencia (Biblioteca) Ubicacón Fecha Ingreso Tipo de Adquisición Observación Date last seen Total checkouts Price effective from Tipo de Item Estado del Material Fuente de Clasificación Damaged status Withdrawn status
616 F317 V. 2 1085191 Universidad Católica San Pablo 1 Disponible Disponible Víctor Andrés Belaunde Víctor Andrés Belaunde Planta baja abierta 10/03/2026 Compra Medicina 20/03/2026   20/03/2026 Libro Bueno Dewey Decimal Classification